[Event "XXXIV Miedzynarodowy Turniej Szachowy im"]
[Site "Police Klubie Nauczyciela  ul."]
[Date "2019.??.??"]
[Round "5.1"]
[White "Levin, Felix"]
[Black "Shishkin, Vadim"]
[Result "1-0"]
[WhiteElo "2457"]
[BlackElo "2457"]
[PlyCount "75"]
[EventDate "2019.??.??"]

1. d4 Nf6 2. c4 g6 3. Nc3 d5 4. cxd5 Nxd5 5. e4 Nxc3 6. bxc3 Bg7 7. Nf3 c5 8.
Bb5+ Nc6 9. O-O O-O 10. Ba3 cxd4 11. Bxc6 bxc6 12. cxd4 Bg4 13. Bc5 Re8 14. Rb1
Qd7 15. Rb4 Reb8 16. Ra4 e6 17. h3 Bxf3 18. Qxf3 Bf8 19. Bxf8 Kxf8 20. Rc1 Rb6
21. Qf6 Kg8 22. Rac4 Rab8 23. Kh2 Qd6+ 24. g3 Qd8 25. Qf4 Rb4 26. Kg2 Rxc4 27.
Rxc4 Rb6 28. a4 Kg7 29. Qc1 h5 30. Qc3 Kh7 31. a5 Rb5 32. Rxc6 Qxa5 33. Qf3 Kg7
34. d5 Rc5 35. dxe6 Rxc6 36. Qxf7+ Kh6 37. Qf8+ Kh7 38. e7 1-0

[Event "XXXIV Miedzynarodowy Turniej Szachowy im"]
[Site "Police Klubie Nauczyciela  ul."]
[Date "2019.??.??"]
[Round "5.2"]
[White "Mirzoev, Azer"]
[Black "Cyborowski, Lukasz"]
[Result "1/2-1/2"]
[WhiteElo "2474"]
[BlackElo "2509"]
[PlyCount "41"]
[EventDate "2019.??.??"]

1. d4 d5 2. Nf3 Nf6 3. c4 e6 4. Nc3 Be7 5. Bf4 O-O 6. e3 Nbd7 7. a3 c5 8. cxd5
Nxd5 9. Nxd5 exd5 10. dxc5 Nxc5 11. Be5 Bf6 12. Bxf6 Qxf6 13. Qd4 Qd6 14. Rd1
Rd8 15. Be2 Bf5 16. Qe5 Qxe5 17. Nxe5 Rac8 18. O-O Nb3 19. Bd3 Bxd3 20. Rxd3
Nc1 21. Rd2 1/2-1/2

[Event "XXXIV Miedzynarodowy Turniej Szachowy im"]
[Site "Police Klubie Nauczyciela  ul."]
[Date "2019.??.??"]
[Round "5.4"]
[White "Czernek, Tymon"]
[Black "Szpar, Milosz"]
[Result "0-1"]
[WhiteElo "2003"]
[BlackElo "2289"]
[PlyCount "74"]
[EventDate "2019.??.??"]

1. e4 c5 2. Nf3 g6 3. d3 Bg7 4. g3 Nc6 5. Bg2 e5 6. O-O Nge7 7. c3 d6 8. Na3
O-O 9. Nc2 f5 10. exf5 gxf5 11. d4 cxd4 12. cxd4 e4 13. Ng5 d5 14. Qh5 h6 15.
Nh3 Qd6 16. Rd1 Bd7 17. Bf4 Qf6 18. Qe2 Rac8 19. Rac1 a6 20. Be3 Nd8 21. Nf4
Ne6 22. Nh5 Qg6 23. Nxg7 Kxg7 24. f4 exf3 25. Bxf3 f4 26. Bf2 fxg3 27. Bxg3
Rxf3 28. Qxf3 Rxc2 29. Rxc2 Qxc2 30. Re1 Qf5 31. Qa3 Ng6 32. Rf1 Qg4 33. Qd6
Ng5 34. Qf6+ Kh7 35. Rc1 Nh3+ 36. Kf1 Bb5+ 37. Ke1 Qe2# 0-1

[Event "XXXIV Miedzynarodowy Turniej Szachowy im"]
[Site "Police Klubie Nauczyciela  ul."]
[Date "2019.??.??"]
[Round "5.5"]
[White "Pahl, Erik"]
[Black "Ahlander, Bjorn"]
[Result "0-1"]
[WhiteElo "2006"]
[BlackElo "2391"]
[PlyCount "106"]
[EventDate "2019.??.??"]

1. e4 c5 2. Nf3 e6 3. d4 cxd4 4. Nxd4 Nc6 5. Nc3 Qc7 6. Be2 Nf6 7. Be3 a6 8. a3
Be7 9. f4 d6 10. g4 Nxd4 11. Qxd4 e5 12. Qd2 Qc6 13. O-O-O Nxe4 14. Nxe4 Qxe4
15. Rhf1 O-O 16. Bf3 Qa4 17. f5 Bd7 18. Bg5 f6 19. Be3 Bc6 20. g5 Rac8 21. gxf6
Bxf6 22. Bd5+ Bxd5 23. Qxd5+ Kh8 24. Rd2 Rc6 25. Kb1 Rfc8 26. Rff2 b5 27. Rg2
Qc4 28. Qf3 e4 29. Qe2 d5 30. Qxc4 dxc4 31. c3 Kg8 32. Rg4 Re8 33. Rd7 h5 34.
Rg6 Kf8 35. Kc2 Re7 36. Rd5 Kf7 37. Kd2 Rcc7 38. Bf4 Rb7 39. Ke3 a5 40. Bg5
Bxg5+ 41. Rxg5 b4 42. axb4 axb4 43. Rc5 bxc3 44. bxc3 Rbd7 45. Rxc4 Rd3+ 46.
Ke2 Rh3 47. Rg2 Ra7 48. Rg3 Rxh2+ 49. Ke3 h4 50. Rg4 h3 51. Rh4 Rh1 52. Rcxe4
h2 53. Kf2 Ra2+ 0-1

[Event "XXXIV Miedzynarodowy Turniej Szachowy im"]
[Site "Police Klubie Nauczyciela  ul."]
[Date "2019.??.??"]
[Round "5.6"]
[White "Yagupov, Igor"]
[Black "Mis, Mieszko"]
[Result "0-1"]
[WhiteElo "2385"]
[BlackElo "2284"]
[PlyCount "62"]
[EventDate "2019.??.??"]

1. e4 c6 2. d4 d5 3. e5 Bf5 4. Nf3 e6 5. Be2 Ne7 6. O-O c5 7. c4 Nbc6 8. dxc5
d4 9. Qb3 Qc7 10. Na3 a6 11. Re1 Ng6 12. Bd3 Bxd3 13. Qxd3 Bxc5 14. Qe4 Rd8 15.
Bg5 Rd7 16. Rad1 h6 17. Bc1 O-O 18. Nb1 Rfd8 19. a3 a5 20. h4 d3 21. h5 Nge7
22. Bf4 Qb6 23. Rd2 Nd4 24. Be3 Ne2+ 25. Kf1 Nf5 26. Bxc5 Qxc5 27. Qg4 Rd4 28.
Nxd4 Rxd4 29. Qf3 Rf4 30. Rxd3 Nfg3+ 31. fxg3 Nxg3# 0-1

[Event "XXXIV Miedzynarodowy Turniej Szachowy im"]
[Site "Police Klubie Nauczyciela  ul."]
[Date "2019.??.??"]
[Round "5.7"]
[White "Kozak, Antoni"]
[Black "Korbal, Arkadiusz"]
[Result "1-0"]
[WhiteElo "2365"]
[BlackElo "2178"]
[PlyCount "97"]
[EventDate "2019.??.??"]

1. d4 Nf6 2. c4 e6 3. Nc3 Bb4 4. Qc2 d5 5. cxd5 exd5 6. Bg5 O-O 7. e3 c5 8.
dxc5 d4 9. O-O-O Bxc5 10. exd4 Be7 11. d5 Ng4 12. Bxe7 Qxe7 13. Nf3 Bd7 14. h3
Nf6 15. Bd3 Na6 16. d6 Qd8 17. Bxa6 bxa6 18. Ne5 Rc8 19. Rhe1 Be6 20. Kb1 Nd5
21. Qd2 Nb4 22. g4 Qa5 23. a3 Nc6 24. d7 Nxe5 25. dxc8=Q Bxc8 26. Nd5 Qxd2 27.
Rxd2 Nf3 28. Rc2 Nxe1 29. Ne7+ Kh8 30. Rxc8 Rxc8 31. Nxc8 Nd3 32. f3 Ne5 33.
Nxa7 Nxf3 34. b4 Nd4 35. Kb2 Kg8 36. Kc3 Ne6 37. Nc6 Kf8 38. Kc4 Ke8 39. Nb8
Nc7 40. Kc5 g6 41. g5 Ne6+ 42. Kd6 Nxg5 43. Nxa6 f5 44. b5 Kd8 45. b6 Nf7+ 46.
Ke6 Ng5+ 47. Kd5 Ne4 48. Kc6 Nf6 49. Nc5 1-0

[Event "XXXIV Miedzynarodowy Turniej Szachowy im"]
[Site "Police Klubie Nauczyciela  ul."]
[Date "2019.??.??"]
[Round "5.8"]
[White "Pajeken, Jakob Leon"]
[Black "Licznerski, Lukasz"]
[Result "0-1"]
[WhiteElo "2314"]
[BlackElo "2328"]
[PlyCount "118"]
[EventDate "2019.??.??"]

1. d4 Nf6 2. Nf3 g6 3. c4 Bg7 4. g3 d5 5. Bg2 dxc4 6. Na3 c3 7. bxc3 O-O 8. O-O
c5 9. Bb2 Nc6 10. Re1 Qb6 11. Nc4 Qa6 12. Ncd2 e5 13. Nxe5 Nxe5 14. dxe5 Ng4
15. Ne4 Nxe5 16. Nxc5 Qa5 17. Nb3 Qc7 18. Nd4 Rb8 19. a4 Bd7 20. Qc2 Rfc8 21.
Red1 a6 22. Nf3 Bf5 23. Qc1 Nc4 24. Nd4 Bd7 25. Rd3 Qb6 26. Ra2 Bxa4 27. Qa1
Bd7 28. Bc1 Rc5 29. Bf4 Rbc8 30. h4 h5 31. Rd1 Ra5 32. Rb1 Rxa2 33. Qxa2 Qa5
34. Qb3 b5 35. Bb7 Re8 36. Bd5 Bxd4 37. cxd4 Rxe2 38. Bxc4 bxc4 39. Qxc4 Re1+
40. Rxe1 Qxe1+ 41. Qf1 Qe6 42. Qa1 Qd5 43. Qxa6 Bh3 44. f3 Qxf3 45. Qa2 Be6 46.
Qd2 Bd5 47. Be5 Kh7 48. Bf4 f6 49. Bd6 Kg8 50. Bf4 Kf7 51. Bc7 Ke6 52. Bb8 Kd7
53. Bf4 g5 54. hxg5 fxg5 55. Be5 g4 56. Bf4 Qh1+ 57. Kf2 Qg2+ 58. Ke1 Qg1+ 59.
Ke2 Bc4+ 0-1

[Event "XXXIV Miedzynarodowy Turniej Szachowy im"]
[Site "Police Klubie Nauczyciela  ul."]
[Date "2019.??.??"]
[Round "5.9"]
[White "Hommer, Jeremy"]
[Black "Chojnacki, Krzysztof"]
[Result "1/2-1/2"]
[WhiteElo "2083"]
[BlackElo "2376"]
[PlyCount "91"]
[EventDate "2019.??.??"]

1. d4 Nf6 2. Bf4 g6 3. Nc3 d6 4. e4 Bg7 5. Qd2 c6 6. Bh6 Bxh6 7. Qxh6 Qa5 8.
Bd3 Nbd7 9. Nf3 c5 10. e5 cxd4 11. exf6 dxc3 12. b4 Qxb4 13. Qg7 Rf8 14. fxe7
Kxe7 15. O-O Kd8 16. Ng5 Qf4 17. Nxh7 Re8 18. g3 Qg4 19. Qxf7 Ne5 20. Qxe8+
Kxe8 21. Nf6+ Kf7 22. Nxg4 Bxg4 23. Be4 Rb8 24. f3 Be6 25. Rfd1 Nc4 26. Rd3 Kf6
27. Rxc3 d5 28. Bd3 b5 29. Rb1 b4 30. Bxc4 dxc4 31. g4 a5 32. a3 Ke5 33. axb4
Kd4 34. Ra3 axb4 35. c3+ Kd3 36. cxb4+ c3 37. Rd1+ Kc2 38. Re1 Bd5 39. Kf2 Kb2
40. Raa1 c2 41. Kg3 Rxb4 42. f4 Kc3 43. Rf1 Kd2 44. Kh4 Be4 45. Kg5 Bd3 46.
Rfc1 1/2-1/2

[Event "XXXIV Miedzynarodowy Turniej Szachowy im"]
[Site "Police Klubie Nauczyciela  ul."]
[Date "2019.??.??"]
[Round "5.10"]
[White "Dryja, Szymon"]
[Black "Kula, Robert"]
[Result "1/2-1/2"]
[WhiteElo "1785"]
[BlackElo "2310"]
[PlyCount "47"]
[EventDate "2019.??.??"]

1. Nf3 d5 2. b3 Bf5 3. Bb2 e6 4. e3 Nf6 5. d4 Nbd7 6. Bd3 Bg6 7. Qe2 Bd6 8.
Nbd2 c6 9. Ne5 Bxd3 10. Qxd3 O-O 11. O-O Rc8 12. c4 Qe7 13. Kh1 Rfd8 14. Qe2
Ne8 15. Nxd7 Rxd7 16. c5 Bc7 17. f4 f5 18. b4 Nf6 19. a4 h6 20. b5 Ba5 21. Nb3
Bd8 22. Nd2 Ba5 23. Nb3 Bd8 24. Nd2 1/2-1/2

[Event "XXXIV Miedzynarodowy Turniej Szachowy im"]
[Site "Police Klubie Nauczyciela  ul."]
[Date "2019.??.??"]
[Round "5.12"]
[White "Jankowiak, Piotr"]
[Black "Jankowiak, Tomasz"]
[Result "1-0"]
[WhiteElo "1985"]
[BlackElo "2104"]
[PlyCount "57"]
[EventDate "2019.??.??"]

1. e4 c5 2. Nf3 Nf6 3. Nc3 d5 4. exd5 Nxd5 5. Nxd5 Qxd5 6. d4 c4 7. Be2 Nc6 8.
O-O Bg4 9. c3 Rc8 10. b3 cxb3 11. axb3 g6 12. c4 Qd7 13. d5 Bg7 14. dxc6 Qxd1
15. Rxd1 Bxa1 16. Bf4 e5 17. cxb7 Rb8 18. Bg5 Bxf3 19. Bxf3 Bd4 20. Bc6+ Kf8
21. Bf6 Rg8 22. h4 h6 23. g4 g5 24. h5 Rg6 25. hxg6 fxg6 26. Rxd4 exd4 27. Be5
d3 28. Bxb8 d2 29. Bf3 1-0

[Event "XXXIV Miedzynarodowy Turniej Szachowy im"]
[Site "Police Klubie Nauczyciela  ul."]
[Date "2019.??.??"]
[Round "5.13"]
[White "Olenderek, Tomasz"]
[Black "Wikar, Martyna"]
[Result "1/2-1/2"]
[WhiteElo "2076"]
[BlackElo "2020"]
[PlyCount "25"]
[EventDate "2019.??.??"]

1. d4 c5 2. e3 cxd4 3. exd4 d5 4. c4 dxc4 5. Bxc4 Nf6 6. Nc3 e6 7. Nf3 Be7 8.
O-O O-O 9. d5 Qc7 10. Qe2 exd5 11. Nxd5 Nxd5 12. Bxd5 Nc6 13. Be3 1/2-1/2

[Event "XXXIV Miedzynarodowy Turniej Szachowy im"]
[Site "Police Klubie Nauczyciela  ul."]
[Date "2019.??.??"]
[Round "5.14"]
[White "Bui, Bao Anh Le"]
[Black "Lanica, Lukasz"]
[Result "1-0"]
[WhiteElo "2064"]
[BlackElo "1800"]
[PlyCount "59"]
[EventDate "2019.??.??"]

1. e4 c5 2. Nf3 Nc6 3. d4 cxd4 4. Nxd4 Nf6 5. Nc3 g6 6. Be3 Bg7 7. Nxc6 bxc6 8.
e5 Ng8 9. Bd4 Nh6 10. e6 Bxd4 11. Qxd4 O-O 12. exd7 Qxd7 13. O-O-O Qxd4 14.
Rxd4 Nf5 15. Ra4 Be6 16. Bd3 Rfd8 17. Re1 Nd6 18. Re5 Rd7 19. Rea5 Kg7 20. Be2
Rc7 21. b3 Bd7 22. Bf3 f6 23. Ra6 e5 24. R4a5 Kf7 25. a4 Ke6 26. Nb5 Nxb5 27.
axb5 Kd6 28. bxc6 Bxc6 29. Rd5+ Ke7 30. Rc5 1-0

[Event "XXXIV Miedzynarodowy Turniej Szachowy im"]
[Site "Police Klubie Nauczyciela  ul."]
[Date "2019.??.??"]
[Round "5.15"]
[White "Graf, Pawel"]
[Black "Pahl, Theis"]
[Result "0-1"]
[WhiteElo "2060"]
[BlackElo "1953"]
[PlyCount "42"]
[EventDate "2019.??.??"]

1. e4 c5 2. Nc3 a6 3. g4 b5 4. Bg2 Bb7 5. d3 e6 6. Nf3 Be7 7. g5 Nc6 8. Bf4 d6
9. h4 Qd7 10. Qd2 Bd8 11. Ne2 Nge7 12. h5 Ba5 13. c3 d5 14. Qc2 d4 15. Kf1 Bb6
16. Ne5 Qd8 17. Ng4 O-O 18. Bh3 Bc7 19. Bd2 c4 20. cxd4 Nxd4 21. dxc4 Nxc2 0-1

[Event "XXXIV Miedzynarodowy Turniej Szachowy im"]
[Site "Police Klubie Nauczyciela  ul."]
[Date "2019.??.??"]
[Round "5.16"]
[White "Krzywnicka, Maria"]
[Black "Pawlicz, Adam"]
[Result "1/2-1/2"]
[WhiteElo "1756"]
[BlackElo "2032"]
[PlyCount "84"]
[EventDate "2019.??.??"]

1. e4 e5 2. Nf3 Nf6 3. Nxe5 d6 4. Nf3 Nxe4 5. Nc3 Nxc3 6. dxc3 Be7 7. h3 O-O 8.
Bd3 Nd7 9. Bf4 Re8 10. O-O Nc5 11. Re1 Bd7 12. Bf1 Ne6 13. Be3 Bf6 14. Nd4 Nxd4
15. cxd4 Bf5 16. Bd3 Qd7 17. c3 c6 18. Qc2 Bxd3 19. Qxd3 d5 20. Bf4 g6 21. Bd2
Rxe1+ 22. Rxe1 Re8 23. Rxe8+ Qxe8 24. f3 Qe6 25. Qe3 Qxe3+ 26. Bxe3 b5 27. Kf1
Be7 28. Bf4 b4 29. Ke2 bxc3 30. bxc3 Kf8 31. Kd3 Ke8 32. Bb8 a6 33. Kc2 Kd7 34.
Bf4 Kc8 35. Kb3 Kb7 36. c4 Bh4 37. cxd5 cxd5 38. Bd6 Kc6 39. Bc5 Kb5 40. a4+
Kc6 41. Bb4 Bg3 42. Bc3 h5 1/2-1/2

[Event "XXXIV Miedzynarodowy Turniej Szachowy im"]
[Site "Police Klubie Nauczyciela  ul."]
[Date "2019.??.??"]
[Round "5.17"]
[White "Laux, Dominik"]
[Black "Swiech, Joanna"]
[Result "1-0"]
[WhiteElo "1987"]
[BlackElo "1879"]
[PlyCount "67"]
[EventDate "2019.??.??"]

1. d4 d5 2. Bf4 Nf6 3. e3 e6 4. Nf3 Bd6 5. c3 b6 6. Nbd2 Bb7 7. Bd3 c5 8. Ne5
O-O 9. h4 Ne4 10. Nxe4 dxe4 11. Bc4 Bd5 12. Qb3 Bxe5 13. Bxe5 Nc6 14. Bxd5 exd5
15. Bg3 cxd4 16. cxd4 Na5 17. Qb5 Nc4 18. O-O a6 19. Qb4 a5 20. Qb5 a4 21. b3
Ra5 22. Qc6 axb3 23. axb3 Qa8 24. Qxa8 Rfxa8 25. Rxa5 Nxa5 26. Ra1 Rc8 27. b4
Nc6 28. Bd6 Rd8 29. Bc7 Rc8 30. b5 Na5 31. Bxb6 Nc4 32. Bc7 Rxc7 33. Ra8+ Rc8
34. Rxc8# 1-0

[Event "XXXIV Miedzynarodowy Turniej Szachowy im"]
[Site "Police Klubie Nauczyciela  ul."]
[Date "2019.??.??"]
[Round "5.18"]
[White "Niedbal, Piotr"]
[Black "Kalinin, Aleksandr"]
[Result "1-0"]
[WhiteElo "1915"]
[BlackElo "2203"]
[PlyCount "81"]
[EventDate "2019.??.??"]

1. e4 e5 2. Nf3 Nc6 3. Bb5 Nf6 4. O-O d6 5. d3 Bd7 6. Nc3 Be7 7. Bg5 O-O 8. h3
h6 9. Bxf6 Bxf6 10. Nd5 a6 11. Ba4 b5 12. Bb3 Na5 13. Qd2 Nb7 14. c3 c6 15.
Nxf6+ Qxf6 16. Qe3 a5 17. Nh2 g5 18. Bd1 Nc5 19. Bg4 Be6 20. d4 Nd7 21. Rad1
Rfd8 22. dxe5 Nxe5 23. Bxe6 Qxe6 24. f4 Nc4 25. Qg3 Qxe4 26. Rde1 Qg6 27. fxg5
hxg5 28. Nf3 Nxb2 29. Nd4 Re8 30. Nxc6 Kf8 31. Rxe8+ Rxe8 32. Nxa5 Ra8 33. Nb7
Nc4 34. Qf2 Qe6 35. Re1 Qd5 36. Qf6 Kg8 37. Nd8 Rxd8 38. Qxd8+ Kg7 39. Re8 Kg6
40. Rg8+ Kh5 41. Qf6 1-0